Southville International School and Colleges
Your cart is empty.
  • Cart
  • Lists
    Public lists Eva Luna New books Lux_list list_1
    Your lists Log in to create your own lists
  • Log in to your account
  • Your cookies
  • Search history
Southville International School and Colleges
  • Advanced search
  • Recent comments
  • Most popular
  • Libraries

Log in to your account

Log in with GOOGLE


If you do not have an external account, but do have a local account, you can still log in:

  1. Home
  2. MARC view: HBR's 10 must reads on collaboration /
Normal view MARC view ISBD view

HBR's 10 must reads on collaboration / (Record no. 305281)

[ view plain ]
MARC details
000 -LEADER
fixed length control field 01064cam a2200325 a 4500
001 - CONTROL NUMBER
control field 17477450
003 - CONTROL NUMBER IDENTIFIER
control field SISC
005 - DATE AND TIME OF LATEST TRANSACTION
control field 20161121141827.0
008 - FIXED-LENGTH DATA ELEMENTS--GENERAL INFORMATION
fixed length control field 120927s2013 mau 001 0 eng
010 ## - LIBRARY OF CONGRESS CONTROL NUMBER
LC control number 2012037906
020 ## - INTERNATIONAL STANDARD BOOK NUMBER
International Standard Book Number 9781422190128 (alk. paper)
020 ## - INTERNATIONAL STANDARD BOOK NUMBER
International Standard Book Number 9781422191422
040 ## - CATALOGING SOURCE
Original cataloging agency DLC
Transcribing agency DLC
Modifying agency DLC
042 ## - AUTHENTICATION CODE
Authentication code pcc
050 00 - LIBRARY OF CONGRESS CALL NUMBER
Classification number HD 69.S8
Item number .H39 2013
082 00 - DEWEY DECIMAL CLASSIFICATION NUMBER
Classification number 658/.046
245 00 - TITLE STATEMENT
Title HBR's 10 must reads on collaboration /
246 3# - VARYING FORM OF TITLE
Title proper/short title HBR's ten must reads on collaboration
246 3# - VARYING FORM OF TITLE
Title proper/short title Harvard business review's 10 must reads on collaboration
260 ## - PUBLICATION, DISTRIBUTION, ETC. (IMPRINT)
Place of publication, distribution, etc Boston, Mass. :
Name of publisher, distributor, etc Harvard Business Review Press,
Date of publication, distribution, etc 2013.
300 ## - PHYSICAL DESCRIPTION
Extent v, 163 pages ;
Dimensions 21 cm.
500 ## - GENERAL NOTE
General note Includes index.
650 #0 - SUBJECT ADDED ENTRY--TOPICAL TERM
Topical term or geographic name as entry element Business networks.
650 #0 - SUBJECT ADDED ENTRY--TOPICAL TERM
Topical term or geographic name as entry element Cooperativeness.
650 #0 - SUBJECT ADDED ENTRY--TOPICAL TERM
Topical term or geographic name as entry element Interorganizational relations.
730 0# - ADDED ENTRY--UNIFORM TITLE
Uniform title Harvard business review.
906 ## - LOCAL DATA ELEMENT F, LDF (RLIN)
a 7
b cbc
c orignew
d 1
e ecip
f 20
g y-gencatlg
942 ## - ADDED ENTRY ELEMENTS (KOHA)
Source of classification or shelving scheme Library of Congress Classification
Koha item type Books
Holdings
Withdrawn status Lost status Source of classification or shelving scheme Damaged status Home library Current library Shelving location Date acquired Source of acquisition Sub Shelving location Total Checkouts Full call number Barcode Date last seen Price effective from Koha item type
    Library of Congress Classification   College Library College Library Graduate Section 11/21/2016 Library Fund     HD 69.S8 .H39 2013 C20792 03/14/2017 11/21/2016 Books

HBR's 10 must reads on collaboration /

APA

(2013). HBR's 10 must reads on collaboration. Boston, Mass: Harvard Business Review Press.

Chicago

2013. HBR's 10 must reads on collaboration. Boston, Mass: Harvard Business Review Press.

Harvard

(2013). HBR's 10 must reads on collaboration. Boston, Mass: Harvard Business Review Press.

MLA

HBR's 10 must reads on collaboration. Boston, Mass: Harvard Business Review Press. 2013.

  • Place hold
  • Print
  • Cite
  • Add to your cart (remove)
  • Save record
    BIBTEX Dublin Core MARCXML MARC (non-Unicode/MARC-8) MARC (Unicode/UTF-8) MARC (Unicode/UTF-8, Standard) MODS (XML) RIS
  • More searches
    Search for this title in:
    Other Libraries (WorldCat) Other Databases (Google Scholar) Online Stores (Bookfinder.com) Open Library (openlibrary.org)

Exporting to Dublin Core...

SOUTHVILLE LIBRARY

Southville International School and Colleges Library

1281 Tropical Ave. Cor. Luxembourg St., BF Homes International, Las Pinas City

Tel. No. 8256374 / 252358 Loc. 117/146

Powered by Koha